MARC details
| 000 -LEADER |
| campo de control de longitud fija |
01699nam a22004697a 4500 |
| 003 - IDENTIFICADOR DE NÚMERO DE CONTROL |
| campo de control |
OSt |
| 005 - FECHA Y HORA DE LA ÚLTIMA TRANSACCIÓN |
| campo de control |
20230427105932.0 |
| 008 - DATOS DE LONGITUD FIJA--INFORMACIÓN GENERAL |
| campo de control de longitud fija |
221006b |||||||| |||| 00| 0 eng d |
| 040 ## - FUENTE DE CATALOGACIÓN |
| Centro/agencia transcriptor |
Biblioteca Lado V |
| 082 ## - NÚMERO DE LA CLASIFICACIÓN DECIMAL DEWEY |
| Número de clasificación |
700 |
| Número de ítem |
C971c |
| 100 ## - ENTRADA PRINCIPAL--NOMBRE DE PERSONA |
| 9 (RLIN) |
823 |
| Nombre de persona |
Cummins, Alissandra |
| Término indicativo de función/relación |
editor |
| 245 ## - MENCIÓN DEL TÍTULO |
| Título |
Cahiers d'etudes/ |
| Resto del título |
Study Series/ |
| 260 ## - PUBLICACIÓN, DISTRIBUCIÓN, ETC. |
| Nombre del editor, distribuidor, etc. |
International Council of Museums |
| Lugar de publicación, distribución, etc. |
Paris |
| Fecha de publicación, distribución, etc. |
2006 |
| 300 ## - DESCRIPCIÓN FÍSICA |
| Dimensiones |
21x30cm |
| Extensión |
32p. |
| 366 ## - INFORMACIÓN SOBRE DISPONIBILIDAD COMERCIAL |
| Nota |
fre |
| 490 ## - MENCIÓN DE SERIE |
| Mención de serie |
12 |
| Designación de volumen o secuencia |
2006 |
| Número Internacional Normalizado para Publicaciones Seriadas |
1020-5543 |
| 505 ## - NOTA DE CONTENIDO CON FORMATO |
| Título |
Preface |
| 505 ## - NOTA DE CONTENIDO CON FORMATO |
| Título |
Editorial |
| 505 ## - NOTA DE CONTENIDO CON FORMATO |
| Título |
DEONTOLOGIE ET THEORIE ETHIC AND THEORY |
| 505 ## - NOTA DE CONTENIDO CON FORMATO |
| Título |
Beyond Management |
| 505 ## - NOTA DE CONTENIDO CON FORMATO |
| Título |
The Ethics of Museum Management |
| 505 ## - NOTA DE CONTENIDO CON FORMATO |
| Título |
GOUVERNANCE ET LEADERSHIP |
| 505 ## - NOTA DE CONTENIDO CON FORMATO |
| Título |
Gouvernance and Management in U.K. Museums |
| 505 ## - NOTA DE CONTENIDO CON FORMATO |
| Título |
Caribbean Museum Development |
| 505 ## - NOTA DE CONTENIDO CON FORMATO |
| Título |
El Museo Guggenheim Bilbao |
| 505 ## - NOTA DE CONTENIDO CON FORMATO |
| Título |
FINANCE ET MARKETING |
| 505 ## - NOTA DE CONTENIDO CON FORMATO |
| Título |
Managing Change in Newly Independent |
| 505 ## - NOTA DE CONTENIDO CON FORMATO |
| Título |
He Who Pays the Piper |
| 505 ## - NOTA DE CONTENIDO CON FORMATO |
| Título |
Management and Marketing |
| 505 ## - NOTA DE CONTENIDO CON FORMATO |
| Título |
Le financement public et prive des musees au Canada |
| 505 ## - NOTA DE CONTENIDO CON FORMATO |
| Título |
Leading the Modern Museum |
| 650 ## - PUNTO DE ACCESO ADICIONAL DE MATERIA--TÉRMINO DE MATERIA |
| Fuente del encabezamiento o término |
Tesauro de Arte & Arquitectura |
| Término de materia o nombre geográfico como elemento de entrada |
ARTE |
| 9 (RLIN) |
703 |
| 650 ## - PUNTO DE ACCESO ADICIONAL DE MATERIA--TÉRMINO DE MATERIA |
| Fuente del encabezamiento o término |
Tesauro de Arte & Arquitectura |
| Término de materia o nombre geográfico como elemento de entrada |
EXPOSICIONES |
| 650 ## - PUNTO DE ACCESO ADICIONAL DE MATERIA--TÉRMINO DE MATERIA |
| Fuente del encabezamiento o término |
Tesauro de Arte & Arquitectura |
| Término de materia o nombre geográfico como elemento de entrada |
CULTURA |
| 650 ## - PUNTO DE ACCESO ADICIONAL DE MATERIA--TÉRMINO DE MATERIA |
| Fuente del encabezamiento o término |
Tesauro de Arte & Arquitectura |
| Término de materia o nombre geográfico como elemento de entrada |
APRECIACION |
| 650 ## - PUNTO DE ACCESO ADICIONAL DE MATERIA--TÉRMINO DE MATERIA |
| Fuente del encabezamiento o término |
Tesauro de Arte & Arquitectura |
| Término de materia o nombre geográfico como elemento de entrada |
TEORIA |
| 650 ## - PUNTO DE ACCESO ADICIONAL DE MATERIA--TÉRMINO DE MATERIA |
| Fuente del encabezamiento o término |
Tesauro de Arte & Arquitectura |
| Término de materia o nombre geográfico como elemento de entrada |
VIDEO |
| 650 ## - PUNTO DE ACCESO ADICIONAL DE MATERIA--TÉRMINO DE MATERIA |
| Fuente del encabezamiento o término |
Tesauro de Arte & Arquitectura |
| Término de materia o nombre geográfico como elemento de entrada |
MUSICA |
| 9 (RLIN) |
702 |
| 650 ## - PUNTO DE ACCESO ADICIONAL DE MATERIA--TÉRMINO DE MATERIA |
| Fuente del encabezamiento o término |
Tesauro de Arte & Arquitectura |
| Término de materia o nombre geográfico como elemento de entrada |
LITERATURA |
| 650 ## - PUNTO DE ACCESO ADICIONAL DE MATERIA--TÉRMINO DE MATERIA |
| Fuente del encabezamiento o término |
Tesauro de Arte & Arquitectura |
| Término de materia o nombre geográfico como elemento de entrada |
FRANCIA |
| 942 ## - ELEMENTOS DE ENTRADA SECUNDARIOS (KOHA) |
| Fuente del sistema de clasificación o colocación |
Clasificación Decimal Dewey |
| Tipo de ítem Koha |
Libros |
| Parte de la signatura que corresponde a la clasificación (Parte de la clasificación) |
700 |
| Parte de la signatura que identifica el ejemplar (Parte del ítem) |
P453c |
| Suprimir en OPAC |
No |